[Event "Iki Burul Dawn"]
[Site "Iki Burul"]
[Date "2009.06.24"]
[Round "7"]
[White "Patotosov, Konstantin"]
[Black "Talkhigov, Aub"]
[Result "1/2-1/2"]
[WhiteElo "1926"]
[BlackElo "1968"]
[PlyCount "145"]
[EventDate "2009.06.24"]
[EventType "tourn"]
[EventRounds "9"]
[EventCountry "RUS"]
[SourceTitle "EXT 2022"]
[Source "ChessBase"]
[SourceDate "2021.10.06"]
[SourceVersion "1"]
[SourceVersionDate "2021.10.06"]
[SourceQuality "1"]

1. e4 c5 2. Nc3 a6 3. g3 b5 4. d3 Bb7 5. Be3 e6 6. Bg2 Nf6 7. Nge2 d5 8. Bd2 b4 9. Nb1 dxe4 10. dxe4 Bxe4 11. 0-0 Bxg2 12. Kxg2 Qd5+ 13. f3 Nc6 14. Nf4 Qd7 15. Qe2 Be7 16. Rd1 Qb7 17. Be3 0-0 18. Nd2 Rfd8 19. Nc4 Nd4 20. Bxd4 Rxd4 21. Rxd4 cxd4 22. Re1 Re8 23. Qe5 Qb5 24. b3 Qxe5 25. Nxe5 Rc8 26. Nc4 Kf8 27. Nd3 Nd5 28. Re4 Bf6 29. Kf2 Nc3 30. Re1 Nxa2 31. Ke2 Ke7 32. Kd2 Kd7 33. Ra1 Nc3 34. Nxb4 d3 35. Nb6+ Kc7 36. Nxc8 Kxc8 37. Rxa6 dxc2 38. Nxc2 Nd5 39. b4 Bc3+ 40. Kd3 Bxb4 41. Ra7 Be7 42. Ne3 Bc5 43. Nxd5 Bxa7 44. Nf4 Kd7 45. Ke4 f5+ 46. Kd3 e5 47. Ng2 Kd6 48. Ne1 Kd5 49. Nc2 Bd4 50. Nb4+ Kc5 51. Nc2 g5 52. h3 h5 53. g4 fxg4 54. fxg4 hxg4 55. hxg4 Kd5 56. Nb4+ Kc5 57. Nc2 Kd5 58. Na3 e4+ 59. Ke2 Bc3 60. Nb5 Kc4 61. Nd6+ Kd5 62. Nb5 Bd4 63. Nc7+ Ke5 64. Nb5 Kf4 65. Nxd4 Kxg4 66. Ke3 Kh3 67. Kxe4 g4 68. Ne2 g3 69. Ke3 g2 70. Kf2 Kh2 71. Ng1 Kh1 72. Nf3 g1Q+ 73. Nxg1 1/2-1/2

[Event "Nevinnomyssk"]
[Site "Nevinnomyssk"]
[Date "2009.02.27"]
[Round "9"]
[White "Patotosov, Konstantin"]
[Black "Tekeyev, Yusuf"]
[Result "1/2-1/2"]
[WhiteElo "1926"]
[BlackElo "2161"]
[PlyCount "70"]
[EventDate "2009.02.21"]
[EventType "tourn"]
[EventRounds "11"]
[EventCountry "RUS"]
[SourceTitle "EXT 2012"]
[Source "ChessBase"]
[SourceDate "2011.11.24"]
[SourceVersion "1"]
[SourceVersionDate "2011.11.24"]
[SourceQuality "1"]

1. d4 Nf6 2. Nf3 g6 3. g3 Bg7 4. Bg2 0-0 5. 0-0 d5 6. c4 c6 7. cxd5 cxd5 8. Nc3 Ne4 9. Ng5 Nxc3 10. bxc3 h6 11. Nf3 Nc6 12. Ba3 Be6 13. Nd2 Rc8 14. Rb1 Na5 15. Qa4 b6 16. Rfc1 Re8 17. e3 Bf5 18. Rb2 e5 19. dxe5 Bxe5 20. Bb4 Bd7 21. Qd1 Qf6 22. Bxd5 Bh3 23. Ne4 Qf5 24. f4 Bb8 25. Qd4 Re5 26. Bd6 Bxd6 27. Nxd6 Rxd5 28. Nxf5 Rxd4 29. Nxd4 Nc4 30. Re2 Bg4 31. Ree1 Nb2 32. Rc2 Nd3 33. Rf1 a6 34. f5 Bh3 35. Rd1 Ne5 1/2-1/2

[Event "Nevinnomyssk"]
[Site "Nevinnomyssk"]
[Date "2009.02.25"]
[Round "7"]
[White "Patotosov, Konstantin"]
[Black "Sarmutkin, Sergey"]
[Result "1/2-1/2"]
[WhiteElo "1926"]
[BlackElo "2010"]
[PlyCount "72"]
[EventDate "2009.02.21"]
[EventType "tourn"]
[EventRounds "11"]
[EventCountry "RUS"]
[SourceTitle "EXT 2012"]
[Source "ChessBase"]
[SourceDate "2011.11.24"]
[SourceVersion "1"]
[SourceVersionDate "2011.11.24"]
[SourceQuality "1"]

1. e4 c5 2. Nf3 Nc6 3. d4 cxd4 4. Nxd4 g6 5. Nxc6 bxc6 6. Qd4 f6 7. Bc4 Bg7 8. Nc3 Nh6 9. 0-0 Qb6 10. Qd1 Nf7 11. Bb3 0-0 12. Be3 Qd8 13. f4 f5 14. e5 d6 15. Qf3 Bb7 16. Rad1 Qc7 17. exd6 exd6 18. Qf2 Bc8 19. Rd2 Re8 20. Rfd1 Be6 21. Bd4 Bxd4 22. Rxd4 d5 23. Ra4 Nd6 24. Kh1 Qb6 25. Qh4 Qd8 26. Qxd8 Rexd8 27. Ra6 Rdc8 28. Bxd5 Bxd5 29. Nxd5 cxd5 30. Rxd6 Rxc2 31. R6xd5 Rxb2 32. Ra5 Rb7 33. h4 Rc8 34. h5 Rc4 35. g3 Rc2 36. h6 Rbb2 1/2-1/2